| 000 | 00469nam a22001937a 4500 | ||
|---|---|---|---|
| 005 | 20250407114411.0 | ||
| 008 | 250401b |||||||| |||| 00| 0 eng d | ||
| 020 |
_a9783110582956 _c3586.31 |
||
| 040 | _aMAIN | ||
| 041 | _aGerman | ||
| 082 |
_bHOF _a410 |
||
| 100 |
_aHoffmann, Ludger _925531 |
||
| 245 |
_aSprach Wissenschaft _b: Ein Readr |
||
| 250 | _a4th | ||
| 260 |
_aBerlin _bDe Gruyter _c2019 |
||
| 300 | _a1091 | ||
| 650 | _aGerman Language | ||
| 942 | _cBK | ||
| 999 |
_c59608 _d59608 |
||